000 00393nam a2200181Ia 4500
008 210210b1951 xxu||||| |||| 00| 0 eng d
041 _aeng
082 _a425/47
100 _aBROWN (Ivor)
245 _aI break my word
260 _aLondon
_bJonathan Cape
_c1951
650 _aword
650 _amy
650 _aI
650 _abreak
690 _aEnglish Language
906 _a005823
999 _c128840
_d128840